000
00419nam a22001337a 4500
003
SGT
020
_a
9789391512064
082
_a
891.4309
_b
S22P
100
_a
पांडेय, कौशलेन्द्र
245
_a
श्रीमयमुनि विरचितं : मयमतम
260
_b
द भारतीय विद्या प्रकाशन
_c
2022
300
_a
351
942
_2
ddc
_c
BK
999
_c
29710
_d
29710